000 00490nam a2200193 a 4500
001 1759293239913
003 YourLibrary
005 20251001111357.0
008 251001s1997##################000#0#eng##
020 _a9781551111308
082 0 4 _a161
_bMAR
100 1 _aMartin, Robert M.,
_eauthor.
245 1 0 _aScientific Thinking :
260 _bBroadview Press,
_c1997.
300 _a356 pages
650 0 _aPhilosophy.
942 _cENGLISH
040 _aYourLibrary
_beng
_cYourLibrary
999 _c590314
_d590314